<?xml version="1.0" encoding="UTF-8"?>
<record
    xmlns:xsi="http://www.w3.org/2001/XMLSchema-instance"
    xsi:schemaLocation="http://www.loc.gov/MARC21/slim http://www.loc.gov/standards/marcxml/schema/MARC21slim.xsd"
    xmlns="http://www.loc.gov/MARC21/slim">

  <leader>01741nam0a2200361 i 4500</leader>
  <controlfield tag="001">RU\NLR\BIBL_A\011132483</controlfield>
  <controlfield tag="005">20241101011611.0</controlfield>
  <datafield tag="010" ind1=" " ind2=" ">
    <subfield code="a">9785000382479</subfield>
    <subfield code="9">100</subfield>
  </datafield>
  <datafield tag="021" ind1=" " ind2=" ">
    <subfield code="a">RU</subfield>
    <subfield code="b">2016-35456</subfield>
    <subfield code="9">2276</subfield>
  </datafield>
  <datafield tag="035" ind1=" " ind2=" ">
    <subfield code="a">(NILC)RuMoRGB-008475088</subfield>
  </datafield>
  <datafield tag="035" ind1=" " ind2=" ">
    <subfield code="a">(NLR Aleph) 011132483</subfield>
  </datafield>
  <datafield tag="090" ind1=" " ind2=" ">
    <subfield code="a">11575577</subfield>
    <subfield code="c">11575577</subfield>
  </datafield>
  <datafield tag="100" ind1=" " ind2=" ">
    <subfield code="a">20160519d2016    k  y0rusy50      ca</subfield>
  </datafield>
  <datafield tag="101" ind1="0" ind2=" ">
    <subfield code="a">rus</subfield>
  </datafield>
  <datafield tag="102" ind1=" " ind2=" ">
    <subfield code="a">RU</subfield>
  </datafield>
  <datafield tag="105" ind1=" " ind2=" ">
    <subfield code="a">ac  j   000yy</subfield>
  </datafield>
  <datafield tag="200" ind1="1" ind2=" ">
    <subfield code="a">&#x420;&#x435;&#x442;&#x435;&#x43D;&#x446;&#x438;&#x43E;&#x43D;&#x43D;&#x43E;&#x43B;&#x43E;&#x433;&#x438;&#x44F; &#x441; &#x422;&#x424; &#x432; &#x437;&#x443;&#x431;&#x430;&#x445; &#x438; &#x43F;&#x440;&#x438; &#x437;&#x430;&#x431;&#x43E;&#x43B;&#x435;&#x432;&#x430;&#x43D;&#x438;&#x44F;&#x445; &#x43F;&#x430;&#x440;&#x43E;&#x434;&#x43E;&#x43D;&#x442;&#x430;</subfield>
    <subfield code="d">Retentiology and TF of teeth and diseases of parodontium</subfield>
    <subfield code="e">&#x43B;&#x435;&#x447;&#x435;&#x43D;&#x438;&#x435; &#x437;&#x443;&#x431;&#x43E;&#x432; &#x438; &#x43E;&#x43A;&#x43E;&#x43B;&#x43E;&#x437;&#x443;&#x431;&#x43D;&#x44B;&#x445; &#x442;&#x43A;&#x430;&#x43D;&#x435;&#x439;</subfield>
    <subfield code="e">&#x441;&#x442;&#x43E;&#x43C;&#x430;&#x442;&#x43E;&#x43B;&#x43E;&#x433;&#x438;&#x447;&#x435;&#x441;&#x43A;&#x438;&#x439; &#x43F;&#x440;&#x430;&#x43A;&#x442;&#x438;&#x43A;&#x443;&#x43C;</subfield>
    <subfield code="f">&#x410;. &#x415;. &#x421;&#x442;&#x435;&#x43F;&#x430;&#x43D;&#x43E;&#x432;</subfield>
    <subfield code="z">eng</subfield>
  </datafield>
  <datafield tag="210" ind1=" " ind2=" ">
    <subfield code="a">&#x41C;&#x43E;&#x441;&#x43A;&#x432;&#x430;</subfield>
    <subfield code="c">&#x438;&#x437;&#x434;&#x430;&#x442;&#x435;&#x43B;&#x44C; &#x41C;&#x430;&#x440;&#x445;&#x43E;&#x442;&#x438;&#x43D; &#x41F;. &#x42E;.</subfield>
    <subfield code="d">2016</subfield>
  </datafield>
  <datafield tag="215" ind1=" " ind2=" ">
    <subfield code="a">148, [1] &#x441;.</subfield>
    <subfield code="c">&#x438;&#x43B;., &#x43F;&#x43E;&#x440;&#x442;&#x440;.</subfield>
    <subfield code="d">29</subfield>
  </datafield>
  <datafield tag="320" ind1=" " ind2=" ">
    <subfield code="a">&#x411;&#x438;&#x431;&#x43B;&#x438;&#x43E;&#x433;&#x440;.: &#x441;. 148 (29 &#x43D;&#x430;&#x437;&#x432;.)</subfield>
  </datafield>
  <datafield tag="510" ind1="1" ind2=" ">
    <subfield code="6">z45790</subfield>
    <subfield code="a">Retentiology and TF of teeth and diseases of parodontium</subfield>
    <subfield code="z">eng</subfield>
  </datafield>
  <datafield tag="606" ind1="1" ind2=" ">
    <subfield code="a">&#x417;&#x443;&#x431;&#x43D;&#x44B;&#x435; &#x431;&#x43E;&#x43B;&#x435;&#x437;&#x43D;&#x438;</subfield>
    <subfield code="x">&#x42D;&#x442;&#x438;&#x43E;&#x43B;&#x43E;&#x433;&#x438;&#x44F; &#x438; &#x43F;&#x430;&#x442;&#x43E;&#x433;&#x435;&#x43D;&#x435;&#x437;</subfield>
    <subfield code="9">1131363</subfield>
    <subfield code="3">RU\NLR\AUTH\66449333</subfield>
  </datafield>
  <datafield tag="606" ind1="1" ind2=" ">
    <subfield code="a">&#x417;&#x443;&#x431;&#x43D;&#x44B;&#x435; &#x431;&#x43E;&#x43B;&#x435;&#x437;&#x43D;&#x438;</subfield>
    <subfield code="x">&#x422;&#x435;&#x440;&#x430;&#x43F;&#x438;&#x44F;</subfield>
    <subfield code="9">953752</subfield>
    <subfield code="3">RU\NLR\AUTH\6636166</subfield>
  </datafield>
  <datafield tag="675" ind1=" " ind2=" ">
    <subfield code="a">616.3</subfield>
  </datafield>
  <datafield tag="686" ind1="1" ind2=" ">
    <subfield code="a">&#x420;661.21</subfield>
  </datafield>
  <datafield tag="700" ind1=" " ind2="1">
    <subfield code="7">ca</subfield>
    <subfield code="8">rus</subfield>
    <subfield code="a">&#x421;&#x442;&#x435;&#x43F;&#x430;&#x43D;&#x43E;&#x432;</subfield>
    <subfield code="b">&#x410;. &#x415;.</subfield>
    <subfield code="c">&#x441;&#x442;&#x43E;&#x43C;&#x430;&#x442;&#x43E;&#x43B;&#x43E;&#x433;</subfield>
    <subfield code="g">&#x410;&#x43B;&#x435;&#x43A;&#x441;&#x430;&#x43D;&#x434;&#x440; &#x415;&#x444;&#x440;&#x435;&#x43C;&#x43E;&#x432;&#x438;&#x447;</subfield>
    <subfield code="9">154320</subfield>
    <subfield code="3">RU\NLR\AUTH\770154358</subfield>
  </datafield>
  <datafield tag="790" ind1=" " ind2="1">
    <subfield code="7">ba</subfield>
    <subfield code="8">rus</subfield>
    <subfield code="a">Stepanov</subfield>
    <subfield code="b">&#x410;. &#x415;.</subfield>
    <subfield code="c">&#x441;&#x442;&#x43E;&#x43C;&#x430;&#x442;&#x43E;&#x43B;&#x43E;&#x433;</subfield>
    <subfield code="g">Aleksandr Efremovi&#x10D;</subfield>
    <subfield code="9">154322</subfield>
    <subfield code="3">RU\NLR\AUTH\770154360</subfield>
  </datafield>
  <datafield tag="801" ind1=" " ind2="0">
    <subfield code="a">RU</subfield>
    <subfield code="b">&#x420;&#x413;&#x411;</subfield>
    <subfield code="c">20160429</subfield>
    <subfield code="g">RCR</subfield>
  </datafield>
  <datafield tag="801" ind1=" " ind2="2">
    <subfield code="a">RU</subfield>
    <subfield code="b">&#x420;&#x413;&#x411;</subfield>
    <subfield code="c">20160505</subfield>
    <subfield code="g">rcr</subfield>
  </datafield>
  <datafield tag="942" ind1=" " ind2=" ">
    <subfield code="c">BOOK</subfield>
  </datafield>
  <datafield tag="980" ind1=" " ind2=" ">
    <subfield code="a">NBR</subfield>
  </datafield>
</record>
